Ants of North America (Registro nro. 13591)
[ vista simple ]
| 000 -CABECERA | |
|---|---|
| Campo de control | 003150000a22001090004500 |
| 090 ## - CLASIFICACIÓN LOCAL | |
| Colección | AR |
| Consecutivo | 04492 |
| 041 0# - IDIOMA | |
| Código de idioma para texto/pista de sonido o título separado | |
| 100 1# - ASIENTO PRINCIPAL--NOMBRE PERSONAL | |
| Nombre personal | Steel Creighton, William |
| 245 10 - MENCION DE TITULO | |
| Título | Ants of North America |
| 773 1# - Item fuente: | |
| Título | Bulletin of the Museum of Comparative Zoology at Harvard College |
| Paginas del Articulo | 1-568 |
| Lugar, editorial y fecha de publicación | 1950 |
| Información sobre la relación | 104 |
| 942 ## - ELEMENTOS ADICIONALES (KOHA) | |
| Tipo de ítem | Artículo |
| Withdrawn status | Lost status | Damaged status | No para préstamo | Colección | Ubicación Permanente | Ubicación actual | Fecha de adquisición | Fuente de Valor | Datos de publicación Seriada | Total Checkouts | Número topográfico | Inventario / Código de Barras | Date last seen | Ejemplar | Price effective from | Forma de adquisición | Tipo de material |
|---|---|---|---|---|---|---|---|---|---|---|---|---|---|---|---|---|---|
| No para Préstamo | Hemeroteca | Bogotá | Bogotá | 14/04/2008 | Ospina, Mónica | Fuera de circulación | AR 04492 | 025823 | 25/03/2015 | 1 | 25/03/2015 | Artículo |